| 000 | 00000nam##2200000za#4500 |
| 001 | 9.616106 |
| 003 | CaOODSP |
| 005 | 20210615101427 |
| 007 | ta |
| 008 | 150406|2002||||xxc||||| f|0| 0 eng|d |
| 022 | |a0706-6457 |
| 040 | |aCaOODSP|beng |
| 043 | |an-cn--- |
| 086 | 1 |aFs97-6/2397E |
| 110 | 1 |aCanada. |bDepartment of Fisheries and Oceans. |
| 245 | 10|aDescription of age 0 juvenile pugnose minnow Opsopoeodus emiliae (Hay) and pugnose shiner Notropis anogenus Forbes in Ontario / |cby J. K. Leslie and C. A. Timmins. |
| 260 | |aOttawa - Ontario : |bFisheries and Oceans Canada |c2002. |
| 300 | |aiii, 11p. : |bfigs., graphs, references, tables ; |c28 cm. |
| 490 | 1 |aCanadian technical report of fisheries and aquatic sciences|x0706-6457|v2397 |
| 520 | 3 |aThis report describes the morphologic, morphometric, meristic and pigmentary characteristics of the age 0 juvenile pugnose shiner (Notropis anogenus) Forbes and pugnose minnow (Opsopoeodus emiliae) collected in the Lake St. Clair-Detroit River ecosystem. |
| 546 | |aRésumé en français. |
| 563 | |aSpiral binding |
| 590 | |a02-39|b2002-09-27 |
| 690 | 07|aTechnical reports|2gcpds |
| 690 | 07|aEndangered species|2gcpds |
| 690 | 07|aFish|2gcpds |
| 720 | 1 |aLeslie, J. K. |
| 720 | 1 |aTimmins, C. A. |
| 776 | 0#|tDescription of age 0 juvenile pugnose minnow Opsopoeodus emiliae (Hay) and pugnose shiner Notropis anogenus Forbes in Ontario / |w(CaOODSP)9.574060 |
| 830 | #0|aCanadian technical report of fisheries and aquatic sciences,|x0706-6457|v2397|w(CaOODSP)9.514691 |